Statistics, 4e; 487 Solved Problems; 621 Suplementry problems; 160 Multiple choice Questions (Record no. 327097)

000 -LEADER
fixed length control field 00455 a2200157 4500
001 - CONTROL NUMBER
control field 92024
082 ## - DEWEY DECIMAL CLASSIFICATION NUMBER
Classification number 519.5 SPI
090 ## - LOCALLY ASSIGNED LC-TYPE CALL NUMBER (OCLC); LOCAL CALL NUMBER (RLIN)
-- 43981
-- 43980
100 ## - MAIN ENTRY--PERSONAL NAME
Personal name Murray R Spiegel and Larry J Stephens
245 ## - TITLE STATEMENT
Title Statistics, 4e; 487 Solved Problems; 621 Suplementry problems; 160 Multiple choice Questions
250 ## - EDITION STATEMENT
Edition statement 4e
260 ## - PUBLICATION, DISTRIBUTION, ETC.
Place of publication, distribution, etc. India
Name of publisher, distributor, etc. Mc Graw hill
Date of publication, distribution, etc. 2013
300 ## - PHYSICAL DESCRIPTION
Extent xv, 552p.
Other physical details Pb
490 ## - SERIES STATEMENT
Series statement Schaum's Out lines
500 ## - GENERAL NOTE
General note Referemce book
942 ## - ADDED ENTRY ELEMENTS (KOHA)
Institution code [OBSOLETE] CAE NUST
Call number prefix 519.5 SPI
Holdings
Withdrawn status Lost status Damaged status Not for loan Collection code Permanent Location Current Location Date acquired Total Checkouts Full call number Barcode Date last seen Price effective from Koha item type
          College of Aeronautical Engineering (CAE) College of Aeronautical Engineering (CAE) 04/03/2017   519.5 SPI CAE88421 04/05/2017 04/05/2017 Book
© 2023 Central Library, National University of Sciences and Technology. All Rights Reserved.